[L'Iliade / (Record no. 155546)

MARC details
000 -LEADER
campo de control de longitud fija 00748nam a22002175i 4500
001 - NÚMERO DE CONTROL
campo de control 155546
003 - IDENTIFICADOR DE NÚMERO DE CONTROL
campo de control ES-MaACL
005 - FECHA Y HORA DE LA ÚLTIMA TRANSACCIÓN
campo de control 20260616130212.0
008 - DATOS DE LONGITUD FIJA--INFORMACIÓN GENERAL
campo de control de longitud fija 040726q18411900fr |||| | fre d
040 ## - FUENTE DE CATALOGACIÓN
Centro catalogador/agencia de origen CAM
Lengua de catalogación spa
Centro/agencia transcriptor CAM
100 0# - ENTRADA PRINCIPAL--NOMBRE DE PERSONA
Nombre de persona Homero
9 (RLIN) 64112
240 10 - TÍTULO UNIFORME
Título uniforme Iliada.
Lenguaje de la obra Francés
245 12 - MENCIÓN DEL TÍTULO
Título [L'Iliade /
Mención de responsabilidad, etc. Homere].
260 ## - PUBLICACIÓN, DISTRIBUCIÓN, ETC.
Lugar de publicación, distribución, etc. [S.l. :
Nombre del editor, distribuidor, etc. s.n.,
Fecha de publicación, distribución, etc. s.a.] (
Lugar de fabricación/manufactura Poitiers :
Fabricante Imp. de F.-A. Saurin)
300 ## - DESCRIPCIÓN FÍSICA
Extensión 552 p. ;
Dimensiones 18 cm.
505 8# - NOTA DE CONTENIDO CON FORMATO
Nota de contenido con formato "Vie d'Homère attribuée a Hérodote, traduction de Larcher" pp. 11-27
596 ## - NOTA AL PIE DE IMPRENTA
NOTA AL PIE DE IMPRENTA Imp. tomado de colofón.
596 ## - NOTA AL PIE DE IMPRENTA
NOTA AL PIE DE IMPRENTA Prelim. fechados en 1841 y firmados por Henry Triano.
852 ## - LOCALIZACIÓN
Ubicación ES-MaACL
Número de control de estantería D-3153
Nota libre -- Enc. hol.
-- -- Legado de M. de la Fuente
condición física -- Falto de la port.
Holdings
Estatus retirado Estado de pérdida Estado de daño No para préstamo Biblioteca de origen Biblioteca actual Ubicación en estantería Fecha de adquisición Fuente de adquisición Total de préstamos Signatura topográfica completa Código de barras Visto por última vez Precio de reemplazo Tipo de ítem Koha
        Biblioteca del Ateneo de Madrid Biblioteca del Ateneo de Madrid Sala Valle Inclán 17/01/2008     D-3153 901162705 23/02/2023 23/02/2023 Libro impreso